[Event "High Wycombe e2e4 Challengers op 03"]
[Site "High Wycombe"]
[Date "2014.03.14"]
[Round "1"]
[White "Nwachukwu, Chino"]
[Black "Watson, Darrell"]
[Result "1-0"]
[WhiteElo "1908"]
[BlackElo "1730"]
[PlyCount "63"]
[EventDate "2014.03.14"]
[EventType "swiss"]
[EventRounds "5"]
[EventCountry "ENG"]
[SourceTitle "EXT 2015"]
[Source "ChessBase"]
[SourceDate "2014.11.20"]
[SourceVersion "1"]
[SourceVersionDate "2014.11.20"]
[SourceQuality "1"]

1. e4 c5 2. Nf3 d6 3. d4 cxd4 4. Nxd4 Nf6 5. Nc3 a6 6. f3 e5 7. Nb3 Be6 8. Be3 Be7 9. Qd2 Nbd7 10. g4 b5 11. 0-0-0 b4 12. Nd5 Bxd5 13. exd5 a5 14. Kb1 0-0 15. h4 a4 16. Nc1 Qa5 17. h5 Rfc8 18. g5 b3 19. cxb3 axb3 20. Qxa5 Rxa5 21. gxf6 bxa2+ 22. Nxa2 Bxf6 23. Bh3 Rca8 24. Nc3 Nc5 25. Bxc5 Rxc5 26. h6 Rca5 27. Ne4 Be7 28. hxg7 Ra1+ 29. Kc2 R1a2 30. Bf5 Rb8 31. Bxh7+ Kxg7 32. Rdg1+ 1-0

[Event "Bedford e2e4 U2000"]
[Site "Bedford"]
[Date "2013.09.21"]
[Round "2"]
[White "Nettleton, Charlie"]
[Black "Watson, Darrell"]
[Result "1-0"]
[WhiteElo "1885"]
[BlackElo "1725"]
[PlyCount "86"]
[EventDate "2013.09.20"]
[EventType "swiss"]
[EventRounds "5"]
[EventCountry "ENG"]
[SourceTitle "EXT 2023"]
[Source "ChessBase"]
[SourceDate "2022.10.05"]
[SourceVersion "1"]
[SourceVersionDate "2022.10.05"]
[SourceQuality "1"]

1. e4 c5 2. Nf3 d6 3. d4 cxd4 4. Nxd4 Nf6 5. Nc3 a6 6. Be2 e5 7. Nb3 Be6 8. Bg5 Nbd7 9. a4 Be7 10. Nd2 h6 11. Be3 Rc8 12. 0-0 0-0 13. f4 exf4 14. Rxf4 Ne5 15. Kh1 d5 16. Qg1 Bd6 17. exd5 Nxd5 18. Nxd5 Bxd5 19. Bd4 Qg5 20. Raf1 Qe7 21. c3 Ng6 22. R4f2 Nf4 23. Bg4 f5 24. Bf3 Bxf3 25. Rxf3 g5 26. Re3 Qf7 27. Rfe1 Qh5 28. Nf3 Rce8 29. Ne5 g4 30. Nd7 Rxe3 31. Rxe3 Nd5 32. Re6 Bc7 33. Nxf8 Kxf8 34. c4 Nf4 35. Rf6+ Kg8 36. Qe3 g3 37. Qxg3+ Kh7 38. Rf8 Qd1+ 39. Bg1 Qxg1+ 40. Kxg1 Ne2+ 41. Kf2 Bxg3+ 42. hxg3 Nd4 43. Rf7+ Kg6 1-0

[Event "Sunningdale e2e4 op U2050 05"]
[Site "Sunningdale"]
[Date "2013.05.25"]
[Round "3"]
[White "Bennett, Dominic"]
[Black "Watson, Darrell"]
[Result "1-0"]
[WhiteElo "2016"]
[BlackElo "1761"]
[PlyCount "79"]
[EventDate "2013.05.24"]
[EventType "swiss"]
[EventRounds "7"]
[EventCountry "ENG"]
[SourceTitle "EXT 2014"]
[Source "ChessBase"]
[SourceDate "2013.11.20"]
[SourceVersion "1"]
[SourceVersionDate "2013.11.20"]
[SourceQuality "1"]

1. g3 Nf6 2. Bg2 g6 3. e4 d6 4. Ne2 c6 5. b3 Qa5 6. Bb2 Bg4 7. Nbc3 Nbd7 8. h3 Be6 9. Nf4 0-0-0 10. Qe2 Rg8 11. 0-0-0 Bg7 12. Kb1 Nb8 13. Nxe6 fxe6 14. h4 Nfd7 15. h5 Na6 16. hxg6 hxg6 17. Bh3 Nc7 18. Rh2 b5 19. a4 a6 20. Rdh1 b4 21. Nd1 Nb6 22. Bxg7 Rxg7 23. Nb2 d5 24. exd5 Qxd5 25. Bg2 Qc5 26. Rh4 Rf7 27. Nd3 Rxd3 28. Qxd3 Ncd5 29. Qxa6+ Kd7 30. Qa7+ Kd6 31. Bxd5 Rxf2 32. Bc4 Rxd2 33. Rh8 Ke5 34. R8h5+ gxh5 35. Rxh5+ Kd4 36. Rxc5 Nc8 37. Rd5+ Ke4 38. Re5+ Kxe5 39. Qe3+ Kf6 40. Qxd2 1-0

[Event "High Wycombe e2e4 U2000 op 03"]
[Site "High Wycombe"]
[Date "2013.03.08"]
[Round "1"]
[White "Gibbs, Dominic V"]
[Black "Watson, Darrell"]
[Result "1-0"]
[WhiteElo "1960"]
[BlackElo "1775"]
[PlyCount "79"]
[EventDate "2013.03.08"]
[EventType "swiss"]
[EventRounds "5"]
[EventCountry "ENG"]
[SourceTitle "EXT 2015"]
[Source "ChessBase"]
[SourceDate "2014.11.20"]
[SourceVersion "1"]
[SourceVersionDate "2014.11.20"]
[SourceQuality "1"]

1. e4 c5 2. Nc3 d6 3. f4 Nf6 4. Nf3 g6 5. Bb5+ Bd7 6. Bc4 Nc6 7. 0-0 Bg7 8. d3 Bg4 9. h3 Bxf3 10. Qxf3 Nd4 11. Qf2 a6 12. e5 Nh5 13. g4 e6 14. gxh5 d5 15. Bb3 gxh5 16. Ne2 Rg8 17. Kh2 Nf5 18. Ng3 Nh4 19. Bd2 Qe7 20. Ba5 Rc8 21. Bb6 Bh6 22. Rg1 Rxg3 23. Rxg3 Ng6 24. Kh1 Qh4 25. Ba4+ Kf8 26. Bxc5+ Rxc5 27. Qxc5+ Kg7 28. Qf2 Kh8 29. Rf3 Qd8 30. c3 Nh4 31. Rg3 Nf5 32. Rgg1 h4 33. Bc2 d4 34. cxd4 Qd5+ 35. Kh2 Nxd4 36. Bb3 Nf3+ 37. Kh1 Qxd3 38. Rad1 Nd2 39. Rxd2 Qxh3+ 40. Qh2 1-0

[Event "London Classic op 4th"]
[Site "London"]
[Date "2012.12.02"]
[Round "2"]
[White "Watson, Darrell"]
[Black "Cannon, Raymond Charles"]
[Result "1-0"]
[WhiteElo "1758"]
[BlackElo "1998"]
[PlyCount "75"]
[EventDate "2012.12.01"]
[EventType "swiss"]
[EventRounds "9"]
[EventCountry "ENG"]
[SourceTitle "CBM 151 Extra"]
[Source "ChessBase"]
[SourceDate "2012.12.18"]
[SourceVersion "1"]
[SourceVersionDate "2012.12.18"]
[SourceQuality "1"]

1. d4 Nf6 2. c4 c5 3. d5 e6 4. g3 exd5 5. cxd5 g6 6. Bg2 Bg7 7. Nc3 d6 8. Nf3 0-0 9. 0-0 a6 10. a4 Qe7 11. Re1 Ne4 12. Nxe4 Qxe4 13. Ra3 Qb4 14. e4 Nd7 15. Ree3 Ne5 16. Nxe5 Bxe5 17. Reb3 Qa5 18. Bh6 Re8 19. Bd2 Qc7 20. a5 f5 21. exf5 Bxf5 22. Rb6 Bd7 23. h4 Bb5 24. Bc3 Qg7 25. Rxd6 Bxd6 26. Bxg7 Kxg7 27. Qg4 Re1+ 28. Kh2 Rf8 29. f4 Be2 30. Qd7+ Rf7 31. Qxd6 Bg4 32. Qxc5 Rfe7 33. d6 R7e2 34. Qd4+ Kh6 35. Rc3 Bf5 36. Qf6 Be4 37. Qg5+ Kg7 38. Rc7+ 1-0

[Event "High Wycombe e2e4 op 10"]
[Site "High Wycombe"]
[Date "2012.10.14"]
[Round "4"]
[White "Homer, Neil S"]
[Black "Watson, Darrell"]
[Result "0-1"]
[WhiteElo "1587"]
[BlackElo "1763"]
[PlyCount "79"]
[EventDate "2012.10.12"]
[EventType "swiss"]
[EventRounds "5"]
[EventCountry "ENG"]
[SourceTitle "EXT 2023"]
[Source "ChessBase"]
[SourceDate "2022.10.05"]
[SourceVersion "1"]
[SourceVersionDate "2022.10.05"]
[SourceQuality "1"]

1. Nf3 Nf6 2. c4 g6 3. d4 Bg7 4. g3 d6 5. Bg2 0-0 6. Nc3 a6 7. 0-0 Nbd7 8. e4 c5 9. d5 Nb6 10. Qb3 Rb8 11. a4 Nbd7 12. h3 e5 13. Qc2 Nh5 14. Ng5 h6 15. Nf3 Nb6 16. Qb3 f5 17. exf5 gxf5 18. a5 Nd7 19. Ne2 Qe8 20. Nh4 Ndf6 21. Qc2 Nh7 22. Bd2 Bd7 23. Rae1 Qf7 24. b4 Ng5 25. bxc5 dxc5 26. Nf3 Ne4 27. Nh4 Nd6 28. Rb1 Bf6 29. Bxh6 Bxh4 30. Bxf8 Rxf8 31. gxh4 f4 32. Rb3 Bf5 33. Qc1 Kh8 34. Kh2 Qf6 35. Rb6 Bc8 36. Rg1 Qe7 37. Bf3 Qxh4 38. Bg4 Nf6 39. Bxc8 Nxc8 40. f3 0-1

[Event "High Wycombe e2e4 op 10"]
[Site "High Wycombe"]
[Date "2012.10.13"]
[Round "3"]
[White "Watson, Darrell"]
[Black "Hewitt, Sean"]
[Result "1-0"]
[WhiteElo "1763"]
[BlackElo "1854"]
[PlyCount "95"]
[EventDate "2012.10.12"]
[EventType "swiss"]
[EventRounds "5"]
[EventCountry "ENG"]
[SourceTitle "EXT 2013"]
[Source "ChessBase"]
[SourceDate "2012.11.22"]
[SourceVersion "1"]
[SourceVersionDate "2012.11.22"]
[SourceQuality "1"]

1. d4 Nf6 2. c4 g6 3. Nf3 Bg7 4. g3 0-0 5. Bg2 c5 6. 0-0 cxd4 7. Nxd4 Nc6 8. e3 Qb6 9. Nc3 d6 10. Rb1 Bg4 11. Nd5 Qxd4 12. Nxf6+ Qxf6 13. Qxg4 Ne5 14. Qe2 Rac8 15. b3 b6 16. Bb2 Qe6 17. Rbd1 Qg4 18. f3 Qd7 19. h3 Nc6 20. Ba3 Qc7 21. f4 Nd8 22. Rd5 Ne6 23. h4 Nc5 24. Rfd1 f5 25. Bxc5 bxc5 26. h5 Rf6 27. hxg6 Rxg6 28. Kf2 Rf8 29. Bh3 Rh6 30. Kg2 e5 31. Qd2 exf4 32. exf4 Qb7 33. Qd3 Rh5 34. Qe2 Rh6 35. Qc2 Rh5 36. Re1 Rf6 37. Qe2 Rhh6 38. Qe8+ Rf8 39. Qa4 Bd4 40. Re8 Rhf6 41. Kh2 Qf7 42. Rxf8+ Kxf8 43. Qc6 Qh5 44. Qc8+ Kg7 45. Qd7+ Kh6 46. g4 Qh4 47. g5+ Kh5 48. Qxh7+ 1-0

[Event "Brighton e2e4 Major-B"]
[Site "Brighton"]
[Date "2012.02.19"]
[Round "9"]
[White "Georgiev, Ivan1111"]
[Black "Watson, Darrell"]
[Result "0-1"]
[WhiteElo "1796"]
[BlackElo "1692"]
[PlyCount "116"]
[EventDate "2012.02.15"]
[EventType "swiss"]
[EventRounds "9"]
[EventCountry "ENG"]
[SourceTitle "EXT 2014"]
[Source "ChessBase"]
[SourceDate "2013.11.20"]
[SourceVersion "1"]
[SourceVersionDate "2013.11.20"]
[SourceQuality "1"]

1. e4 d6 2. d4 g6 3. Nc3 Bg7 4. Be3 Nf6 5. Qd2 Ng4 6. Bg5 h6 7. Bh4 0-0 8. 0-0-0 Nc6 9. h3 Nf6 10. d5 Ne5 11. f4 Ned7 12. g4 Nc5 13. Bd3 a5 14. g5 Nxd3+ 15. Qxd3 hxg5 16. Bxg5 Nh5 17. Nge2 c6 18. Ng3 Nf6 19. f5 Nd7 20. Rdf1 Ne5 21. Qe2 b5 22. fxg6 b4 23. gxf7+ Nxf7 24. Rxf7 Rxf7 25. Nd1 Ba6 26. Qh5 cxd5 27. Nf5 Rxf5 28. exf5 Qe8 29. Qf3 Qf7 30. Rg1 Kf8 31. Ne3 Bb7 32. f6 exf6 33. Re1 d4 34. Qd1 dxe3 35. Qxd6+ Kg8 36. Bxe3 Qxa2 37. Rg1 Rf8 38. Qc7 Qf7 39. Qg3 Rc8 40. Bh6 Rc7 41. Qd6 Qc4 42. Rxg7+ Rxg7 43. Bxg7 Kxg7 44. Qg3+ Kf7 45. b3 Qc3 46. Qg4 Qe1+ 47. Kb2 Qe5+ 48. Kb1 Be4 49. Qd7+ Qe7 50. Qg4 f5 51. Qh5+ Ke6 52. Qg6+ Qf6 53. Qe8+ Qe7 54. Qg6+ Kd5 55. Qg8+ Qe6 56. Qg3 Kc6 57. Kb2 Kd5 58. h4 Qe5+ 0-1

[Event "High Wycombe e2e4 Major"]
[Site "Uplands Park"]
[Date "2011.10.09"]
[Round "4"]
[White "Watson, Darrell"]
[Black "Shepherd, Katherine M"]
[Result "0-1"]
[WhiteElo "1648"]
[BlackElo "1761"]
[PlyCount "112"]
[EventDate "2011.10.07"]
[EventType "swiss"]
[EventRounds "5"]
[EventCountry "ENG"]
[SourceTitle "EXT 2023"]
[Source "ChessBase"]
[SourceDate "2022.10.05"]
[SourceVersion "1"]
[SourceVersionDate "2022.10.05"]
[SourceQuality "1"]

1. e4 e6 2. d4 d5 3. e5 c5 4. c3 Nc6 5. Nf3 Qb6 6. a3 c4 7. Be2 Bd7 8. 0-0 Nge7 9. Nbd2 Na5 10. Nh4 Ng6 11. Nxg6 hxg6 12. f4 Be7 13. Qe1 Ba4 14. Qf2 Nb3 15. Nxb3 Bxb3 16. Bd1 0-0-0 17. Bxb3 Qxb3 18. Be3 Kb8 19. Rfc1 Rc8 20. Qc2 Qxc2 21. Rxc2 Rc6 22. Rf1 f5 23. g3 Rcc8 24. Rg2 Rcg8 25. g4 Rh7 26. gxf5 gxf5 27. Rf3 g6 28. Rfg3 Rhg7 29. Rh3 Kc7 30. Bf2 Kd7 31. Bh4 Rh7 32. Bxe7 Rxh3 33. Bg5 b5 34. Rc2 a5 35. Bf6 Rh7 36. h4 Kc6 37. Rg2 b4 38. Kf1 Kb5 39. Ke1 bxc3 40. bxc3 Ka4 41. Rb2 Kxa3 42. Rb6 Re8 43. Kd2 Ra7 44. Rb1 Ka4 45. Kc2 Rc7 46. Rb2 Rcc8 47. Rb7 Rb8 48. Rg7 Rg8 49. Re7 Rb6 50. Rg7 Rxg7 51. Bxg7 Rb8 52. Bf6 Rb7 53. Bg5 Ka3 54. Bd8 a4 55. Ba5 Rb2+ 56. Kc1 Kb3 0-1

[Event "Sunningdale e2e4 Major"]
[Site "Sunningdale"]
[Date "2011.09.18"]
[Round "4"]
[White "McDonnell, James J"]
[Black "Watson, Darrell"]
[Result "1-0"]
[WhiteElo "1965"]
[BlackElo "1648"]
[PlyCount "101"]
[EventDate "2011.09.16"]
[EventType "swiss"]
[EventRounds "5"]
[EventCountry "ENG"]
[SourceTitle "EXT 2023"]
[Source "ChessBase"]
[SourceDate "2022.10.05"]
[SourceVersion "1"]
[SourceVersionDate "2022.10.05"]
[SourceQuality "1"]

1. e4 d5 2. exd5 Qxd5 3. Nc3 Qa5 4. Nf3 Nf6 5. d4 Bf5 6. Bc4 e6 7. Bd2 c6 8. Bb3 Bb4 9. Qe2 0-0 10. 0-0-0 Nbd7 11. Nh4 Bg6 12. Nxg6 hxg6 13. a3 Bxc3 14. Bxc3 Qc7 15. Kb1 b5 16. h4 a5 17. g4 Rfb8 18. Bd2 a4 19. Ba2 Nd5 20. Bxd5 cxd5 21. h5 Qc4 22. Qe3 b4 23. Bxb4 Rxb4 24. axb4 Qxb4 25. Qa3 Qb7 26. hxg6 fxg6 27. Qe7 Qc6 28. Rd3 Nf6 29. Rdh3 Nh5 30. gxh5 Re8 31. Qc5 Qxc5 32. dxc5 gxh5 33. Rxh5 Kf7 34. R5h4 Rc8 35. Rxa4 Rxc5 36. Rg1 Kf6 37. Rag4 Rc7 38. Rg6+ Ke5 39. Rxg7 Rc8 40. Re1+ Kd6 41. Rg6 Re8 42. f4 Rf8 43. Rexe6+ Kc5 44. Rgf6 Rh8 45. c3 Kc4 46. Rc6+ Kd3 47. Rcd6 Rh1+ 48. Ka2 Kc2 49. Rxd5 Rb1 50. Rd2+ Kxd2 51. Kxb1 1-0

[Event "Gatwick e2e4 op-B"]
[Site "Gatwick"]
[Date "2011.06.19"]
[Round "5"]
[White "Prior, Stephen"]
[Black "Watson, Darrell"]
[Result "1-0"]
[WhiteElo "1879"]
[BlackElo "1630"]
[PlyCount "69"]
[EventDate "2011.06.17"]
[EventType "swiss"]
[EventRounds "5"]
[EventCountry "ENG"]
[SourceTitle "EXT 2014"]
[Source "ChessBase"]
[SourceDate "2013.11.20"]
[SourceVersion "1"]
[SourceVersionDate "2013.11.20"]
[SourceQuality "1"]

1. e4 d5 2. Nc3 d4 3. Nce2 e5 4. Ng3 Nf6 5. Nf3 Nc6 6. Bc4 h6 7. 0-0 Bg4 8. h3 Bd7 9. d3 Bd6 10. a3 Qe7 11. Nh4 g6 12. Nf3 Be6 13. Bxe6 Qxe6 14. c3 0-0-0 15. c4 Nh5 16. b4 Nxg3 17. fxg3 f5 18. Nd2 Rdf8 19. Rb1 h5 20. Qa4 f4 21. c5 fxg3 22. cxd6 Rxf1+ 23. Nxf1 h4 24. b5 Qf6 25. Qc2 Rf8 26. Bh6 Rf7 27. bxc6 bxc6 28. Qd2 Qxd6 29. Qg5 Rf4 30. Bg7 Rf2 31. Qg4+ Kd8 32. Qxh4+ Ke8 33. Rb8+ Kf7 34. Rf8+ Kxg7 35. Qh8# 1-0

[Event "Gatwick e2e4 op-B"]
[Site "Gatwick"]
[Date "2011.06.18"]
[Round "3"]
[White "Zhou, Yang Jian"]
[Black "Watson, Darrell"]
[Result "0-1"]
[WhiteElo "1458"]
[BlackElo "1630"]
[PlyCount "120"]
[EventDate "2011.06.17"]
[EventType "swiss"]
[EventRounds "5"]
[EventCountry "ENG"]
[SourceTitle "EXT 2014"]
[Source "ChessBase"]
[SourceDate "2013.11.20"]
[SourceVersion "1"]
[SourceVersionDate "2013.11.20"]
[SourceQuality "1"]

1. c4 Nf6 2. Nc3 g6 3. g3 Bg7 4. Bg2 d6 5. Nf3 0-0 6. 0-0 Nbd7 7. d4 c5 8. d5 Nb6 9. b3 Ne4 10. Qd3 Nxc3 11. Bb2 Bf5 12. Qe3 Ncxd5 13. Qd2 Nf6 14. Nh4 Ne4 15. Qc2 Nxg3 16. Nxf5 Nxf5 17. Bxg7 Kxg7 18. Bxb7 Rb8 19. Qc3+ f6 20. Bg2 e5 21. Rad1 Qe7 22. Qd3 Rbd8 23. Be4 Nd4 24. e3 Ne6 25. Bg2 f5 26. f4 e4 27. Qc3+ Qf6 28. Qxf6+ Rxf6 29. Rd2 a5 30. Rfd1 Nc7 31. Kf2 Na6 32. Kg1 a4 33. Ra1 a3 34. Rad1 Nb4 35. Bf1 Nc8 36. h3 Kf7 37. Kh2 Rg8 38. Rg2 Ne7 39. Rdd2 Nec6 40. Rd1 Nd8 41. Rdd2 Ke7 42. Rd1 Ne6 43. h4 Nd8 44. Rdd2 Nf7 45. Rd1 Nh6 46. Be2 Nxa2 47. Ra1 Nc3 48. Rxa3 Nxe2 49. Rxe2 Ng4+ 50. Kg3 h6 51. Ra7+ Ke6 52. Ra6 Rf7 53. Rd2 Rd7 54. Re2 Rb8 55. Ra3 Rdb7 56. Rb2 Nxe3 57. Ra6 Nxc4 58. Rc2 Rxb3+ 59. Kf2 Rf3+ 60. Kg2 Ne3+ 0-1

[Event "Sunningdale e2e4 Major op"]
[Site "Sunningdale"]
[Date "2011.05.29"]
[Round "4"]
[White "Prior, Stephen"]
[Black "Watson, Darrell"]
[Result "1-0"]
[WhiteElo "1879"]
[BlackElo "1630"]
[PlyCount "65"]
[EventDate "2011.05.27"]
[EventType "swiss"]
[EventRounds "7"]
[EventCountry "ENG"]
[SourceTitle "EXT 2023"]
[Source "ChessBase"]
[SourceDate "2022.10.05"]
[SourceVersion "1"]
[SourceVersionDate "2022.10.05"]
[SourceQuality "1"]

1. Nc3 Nf6 2. d4 g6 3. Bg5 Bg7 4. Qd2 d6 5. Bh6 Bxh6 6. Qxh6 Nc6 7. 0-0-0 a6 8. f3 b5 9. e4 e5 10. dxe5 Nxe5 11. Nd5 Nxd5 12. exd5 Kd7 13. Be2 Qf8 14. Qd2 h5 15. h3 f5 16. f4 Nf7 17. Nf3 Bb7 18. Rhe1 Re8 19. c4 bxc4 20. Bxc4 Rxe1 21. Rxe1 Qd8 22. Nd4 Re8 23. Ne6 Qc8 24. Qe2 c6 25. Nf8+ Kc7 26. Qxe8 Nd8 27. Ne6+ Nxe6 28. Qxc8+ Bxc8 29. dxe6 d5 30. e7 Bd7 31. e8Q Bxe8 32. Rxe8 dxc4 33. Rg8 1-0

[Event "Sunningdale e2e4 Major op"]
[Site "Sunningdale"]
[Date "2011.05.27"]
[Round "1"]
[White "Watson, Darrell"]
[Black "Baleani, Guido"]
[Result "1-0"]
[WhiteElo "1630"]
[BlackElo "1593"]
[PlyCount "84"]
[EventDate "2011.05.27"]
[EventType "swiss"]
[EventRounds "7"]
[EventCountry "ENG"]
[SourceTitle "EXT 2023"]
[Source "ChessBase"]
[SourceDate "2022.10.05"]
[SourceVersion "1"]
[SourceVersionDate "2022.10.05"]
[SourceQuality "1"]

1. Nf3 Nf6 2. c4 g6 3. g3 Bg7 4. Bg2 0-0 5. d4 d6 6. Nc3 Bd7 7. Bg5 h6 8. Bd2 Kh7 9. Qb3 Nc6 10. e4 Rb8 11. Qc2 e5 12. dxe5 dxe5 13. Nd5 Bg4 14. Bc3 Bxf3 15. Bxf3 Nd4 16. Bxd4 exd4 17. Nf4 c5 18. 0-0 Nd7 19. Nd3 Ne5 20. Be2 Nxd3 21. Bxd3 b6 22. Rfe1 Qc7 23. f4 Rbe8 24. Qf2 Qd7 25. Qf3 a6 26. h4 b5 27. b3 bxc4 28. bxc4 Rb8 29. Re2 a5 30. g4 a4 31. f5 a3 32. f6 Bh8 33. h5 Rb6 34. e5 Rb2 35. Qe4 Rg8 36. Qf3 Qb7 37. hxg6+ Rxg6 38. Qxb7 Rxb7 39. Rb1 Rc7 40. Rb5 Rc8 41. Kf2 Rcg8 42. Rxc5 h5 1-0